Normal view MARC view
  • ARORA, V P S AND OTHERS

Entry Personal Name

Number of records used in: 1

001 - CONTROL NUMBER

  • control field: 4890

003 - CONTROL NUMBER IDENTIFIER

  • control field: OSt

005 - DATE AND TIME OF LATEST TRANSACTION

  • control field: 20181222102948.0

008 - FIXED-LENGTH DATA ELEMENTS

  • fixed length control field: 181222|| aca||aabn | a|a d

040 ## - CATALOGING SOURCE

  • Original cataloging agency: OSt
  • Transcribing agency: OSt

100 ## - HEADING--PERSONAL NAME

  • Personal name: ARORA, V P S AND OTHERS

670 ## - SOURCE DATA FOUND

  • Source citation: Work cat.: (OSt): ARORA, V P S AND OTHERS, RESEARCH METHODOLOGY FOR FACULTY, 2016